Countries Named After People - Sudden Death - Statistics

General Stats
  • This quiz has been taken 149 times
  • The average score is 8 of 20
Answers on the Grid
Answers color-coded by a green-red scale on the quiz's grid according to % correct below.
Bolivia
El Salvador
Israel
Colombia
Azerbaijan
Djibouti
Mozambique
San Marino
Russia
Mauritius
Eswatini
China
Saudi Arabia
Dominican Republic
Saint Lucia
Solomon Islands
Czech Republic
Seychelles
Philippines
Kiribati
Canada
Vatican City
Germany
Kazakhstan
Vietnam
Japan
India
Egypt
Republic of the Congo
Cuba
Guatemala
Brazil
Ghana
Burundi
Australia
East Timor
 
Answer Stats
Answer % Correct
Saint Lucia
82%
Solomon Islands
79%
San Marino
76%
Philippines
74%
El Salvador
72%
Bolivia
64%
Colombia
60%
Dominican Republic
54%
Mauritius
47%
Israel
38%
Saudi Arabia
38%
Seychelles
30%
Kiribati
25%
Eswatini
21%
Mozambique
19%
Djibouti
13%
Czech Republic
10%
Russia
10%
China
5%
Azerbaijan
4%
No matching quizzes found
Score Distribution
Percent of People with Each Score
Percentile by Number Answered
Your Score History
You have not taken this quiz